000
00287nam a2200133Ia 4500
100
_a
Myers/ G.E.
942
_c
BK
654
_a
thermodynamics
245
_a
Engineering thermodynamics
260
_b
prentice hall
_a
New Jersey
_c
1989
300
_a
875
546
_a
ENGLISH
999
_c
29793
_d
29793